Top 10 countries with tallest buildings - Statistics

General Stats
  • This quiz has been taken 20 times
  • The average score is 8 of 10
Answer Stats
Building Country % Correct
Shanghai Tower China
100%
One World Trade Center United States
100%
Abraj Al-Bait Clock Tower Saudi Arabia
95%
Burj Khalifa United Arab Emirates
95%
Al Hamra Tower Kuwait
89%
Taipei 101 Taiwan
89%
Petronas Tower 1/ Petronas Tower 2/ The Exchange 106 Malaysia
79%
Lotte World Tower South Korea
79%
Lakhta Center Russia
63%
Landmark 81 Vietnam
53%
No matching quizzes found
Score Distribution
Percent of People with Each Score
Percentile by Number Answered
Your Score History
You have not taken this quiz